000 00485nam a2200193Ia 4500
008 240510s9999 xx 000 0 und d
020 _a0000201570149
041 _aEng
082 _a004.61
082 _bD18
100 _aDAVIS, R.
245 0 _aNetware Programmer's Guide: Building Applications with Netware Version 2.15
260 _bAddision Wesly Publishing
260 _c1990
300 _a622 p.
650 _aNetware : Communication
942 _2ddc
942 _cLBK
999 _c24352
_d24352
945 _a1
_bMadushi Gamage
_c1
_dMadushi Gamage